Επιστημονική επετηρίς : εκδιδόμενη υπό της θεολογικής σχολής
Saved in:
| Corporate Author: | |
|---|---|
| Format: | Book |
| Language: | Greek |
| Published: |
Θεσσαλονίκη :
Αριστοτέλειον Πανεπιστήμιον Θεσσαλονίκης,
1967
|
| Subjects: | |
| Tags: |
Add Tag
No Tags, Be the first to tag this record!
|
MARC
| LEADER | 00000cam a2200000 i 4500 | ||
|---|---|---|---|
| 001 | 1/82708 | ||
| 008 | 050802s1967 gre d | ||
| 035 | |l 10079596 | ||
| 040 | |a GR-MY-UA |b gre |e aacr | ||
| 041 | 0 | |a gre | |
| 082 | 0 | |a 230.005 |2 (22) | |
| 110 | 2 | |a Αριστοτέλειο Πανεπιστήμιο Θεσσαλονίκης. | |
| 245 | 1 | 0 | |a Επιστημονική επετηρίς : |b εκδιδόμενη υπό της θεολογικής σχολής / |c Αριστοτέλειον Πανεπιστήμιον Θεσσαλονίκης |
| 260 | |a Θεσσαλονίκη : |b Αριστοτέλειον Πανεπιστήμιον Θεσσαλονίκης, |c 1967 | ||
| 300 | |a 438 σ.; |c 24 εκ. | ||
| 650 | 0 | 0 | |a Christianity |z Greece. |
| 650 | 0 | 0 | |a Theology, Doctrinal. |
| 852 | |a INST |b RHODES |c KRI |e 20050802 |h 230.005 ΑΡΙ |p 005400022792 |q 005400022792 |t BK |v τ.12: |y 0 |z τ.12 | ||
| 853 | |a INST |b RHODES |c KRI |h 230.005 ΑΡΙ | ||
| 901 | |a BIBL4-2005-2 | ||
| 909 | |a Ρ |b 122031 | ||
| 970 | |a ΚΟΖΑ |b ΜΑΡΙΑ |z 2005/08/02 | ||